000 00901nam a2200241 i 4500
001 187068
003 SpMaBN
005 20250716042411.0
008 170410s1987 sp |||| |dspa d
020 _a84-7719-065-8
080 _a821.133.1 Hugo, Victor 1.07
080 _a929 Hugo, Victor
245 0 0 _aEn torno a Víctor Hugo /
_cJosé María Santamarta Luengos, Francisco Flecha Andrés, Dalia Álvarez Molina ... [et al.] ; presentación, Áurea Rey Herrero.
260 _aLeón :
_bUniversidad, Servicio de Publicaciones,
_c[1987]
300 _a132 p. ;
_c22 cm.
504 _aReferencias bibliográficas.
600 1 4 _aHugo, Victor,
_d1802-1885-
_xCrítica e interpretación
_9114388
700 1 _aSantamarta Luengos, José María.
_9162256
700 1 _aFlecha Andrés, F.
_9145947
710 2 _aUniversidad de León.
_97200
852 _aES-MaACL
_jL-31389
999 _c187068
_d187068